000
00347nam a2200133Ia 4500
008
100328s9999 xx 000 0 und d
082
_b
53757
100
_a
पारगावकर वि.शं.
245
_a
ललाट
260
_b
इनामदार बंाु
630
_a
ललाट
730
_a
ललाट
942
_c
BOOK
999
_c
540496
_d
540493